Les surnoms des pilotes de Formule 1 - Statistiques

Statistiques générales
  • Ce quiz a été pris 122 fois
    91 depuis la dernière actualisation
  • Le résultat moyen est 13 sur 39
Statistiques - réponses
Surnom Nom du pilote % Correct
Mad Max Max Verstappen
97%
Checo Sergio Perez
95%
The Professor / Le Professeur Alain Prost
85%
The Red Baron / Le Baron Rouge Michael Schumacher
81%
Smooth Operator Carlos Sainz
80%
Iceman Kimi Räikkönen
79%
Mazespin Nikita Mazepin
73%
Goatifi Nicholas Latifi
59%
Hulk Nicolas Hülkenberg
59%
Hammertime Lewis Hamilton
55%
Baby Schumi Sebastian Vettel
51%
Magic Ayrton Senna
49%
Hunt the Shunt James Hunt
49%
Britney Nico Rosberg
48%
Honey Badger Daniel Ricciardo
47%
Le Taureau des Asturies Fernando Alonso
39%
L'ordinateur Niki Lauda
24%
Rubinho Rubens Barrichello
23%
Le Champion sans couronne Stirling Moss
21%
L'Ecossais Volant Jackie Stewart
20%
Big John John Surtees
20%
De Crasheris Andrea De Cesaris
19%
Crashtor Pastor Maldonado
19%
L’ogre de Modène Alberto Ascari
16%
Fisico Giancarlo Fisichella
16%
Aussie Grit Mark Webber
16%
Monsieur Le Mans Jacky Ickx
13%
El Maestro Juan Manuel Fangio
13%
DC David Coulthard
12%
Monsieur Monaco Graham Hill
11%
Le Lion Nigel Mansell
11%
Quick Nick Nick Heidfeld
9%
Nino Giuseppe Farina
8%
Emmo Emerson Fittipaldi
3%
Le petit prince François Cevert
3%
L'Aviateur Gilles Villeneuve
3%
Black Jack Jack Brabahm
3%
L'Ourson Jody Scheckter
3%
L'Ours Denny Hulme
1%
Aucun quiz correspondant
Distribution des résultats
% des personnes avec chaque résultat
Percentile par nombre de réponses
Votre historique - résultats
Vous n’avez pas pris ce quiz depuis la dernière actualisation